[Event "GRE-chT U16"]
[Site "Thessaloniki"]
[Date "2019.11.29"]
[Round "3.1"]
[White "Kratimenou, Georgia"]
[Black "Skandamis, Nikolaos"]
[Result "1-0"]
[WhiteElo "1404"]
[BlackElo "1437"]
[PlyCount "101"]
[EventDate "2019.11.28"]
[EventType "team-swiss"]
[EventRounds "6"]
[EventCountry "GRE"]
[SourceTitle "CBM 193 Extra"]
[Source "ChessBase"]
[SourceDate "2020.01.31"]
[SourceVersion "1"]
[SourceVersionDate "2020.01.31"]
[SourceQuality "1"]
[WhiteTeam "Panionios"]
[BlackTeam "Patron"]
[WhiteTeamCountry "GRE"]
[BlackTeamCountry "GRE"]

1. e4 c5 2. Nf3 e6 3. d4 cxd4 4. Nxd4 a6 5. c4 Qc7 6. Be2 Nf6 7. Nc3 d6 8. 0-0 Nbd7 9. Be3 Be7 10. Rc1 b6 11. b3 Bb7 12. f3 Rc8 13. Qd2 0-0 14. Rfd1 Rfd8 15. Qe1 Nc5 16. Qf2 Qb8 17. b4 Ncd7 18. a3 d5 19. exd5 exd5 20. Nf5 Bd6 21. Nxd6 Qxd6 22. cxd5 Nxd5 23. Nxd5 Bxd5 24. Bxa6 Rxc1 25. Bxc1 Qc6 26. Bd3 Ra8 27. Bb2 h6 28. Qg3 Nf6 29. Rc1 Qe6 30. Re1 Qc6 31. Kh1 Re8 32. Rc1 Qe6 33. Bb5 Rc8 34. Rxc8+ Qxc8 35. Bd3 Ne8 36. h3 Kf8 37. Qe5 Qc6 38. b5 Qb7 39. Bd4 Bxf3 40. Bf1 f6 41. Qe3 Bd5 42. Bxb6 Qa8 43. Qc5+ Kf7 44. a4 Be6 45. a5 Bxh3 46. Qh5+ Kg8 47. Qxh3 Nd6 48. Qe6+ Nf7 49. Bc4 Qf8 50. Qxf7+ Qxf7 51. Bxf7+ 1-0

[Event "GRE-ch U16"]
[Site "Patras"]
[Date "2019.06.25"]
[Round "1.15"]
[White "Nteligiorgis, Eleftherios"]
[Black "Skandamis, Nikolaos"]
[Result "1-0"]
[WhiteElo "1903"]
[BlackElo "1355"]
[PlyCount "93"]
[EventDate "2019.06.25"]
[EventType "swiss"]
[EventRounds "9"]
[EventCountry "GRE"]
[SourceTitle "EXT 2020"]
[Source "ChessBase"]
[SourceDate "2019.10.17"]
[SourceVersion "1"]
[SourceVersionDate "2019.10.17"]
[SourceQuality "1"]
[WhiteTeam "Greece"]
[BlackTeam "Greece"]
[WhiteTeamCountry "GRE"]
[BlackTeamCountry "GRE"]

1. e4 c5 2. Nf3 e6 3. d4 cxd4 4. Nxd4 a6 5. c4 Qc7 6. a3 Nf6 7. Nc3 d6 8. Be3 b6 9. Be2 Bb7 10. f3 Be7 11. 0-0 0-0 12. Rc1 Nbd7 13. Qe1 Rac8 14. Qf2 Rfe8 15. Rfd1 Qb8 16. b4 Ba8 17. Nb3 Bd8 18. Na4 Bc7 19. g4 h6 20. h4 d5 21. g5 hxg5 22. hxg5 Bg3 23. Qg2 Nh5 24. c5 b5 25. Nc3 Qe5 26. Rc2 Nf8 27. f4 Bxf4 28. Bd4 Bh2+ 29. Kh1 Qf4 30. Bxh5 Bg3 31. Kg1 dxe4 32. Ne2 Qxg5 33. Nxg3 e3 34. Bf3 Ng6 35. Bxa8 Rxa8 36. Ne4 Qf4 37. Rf1 Qh6 38. Nd6 Nh4 39. Qg3 e2 40. Rxe2 Red8 41. Rxf7 g6 42. Rh2 Rxd6 43. Rxh4 Rxd4 44. Rxh6 Rd1+ 45. Kf2 Kxf7 46. Qxg6+ Ke7 47. Rh7+ 1-0

[Event "GRE-ch U14"]
[Site "Rio Achaia"]
[Date "2018.07.09"]
[Round "9"]
[White "Mallios, Ioannis"]
[Black "Skandamis, Nikolaos"]
[Result "1-0"]
[WhiteElo "1617"]
[BlackElo "1270"]
[PlyCount "77"]
[EventDate "2018.07.03"]
[EventType "swiss"]
[EventRounds "9"]
[EventCountry "GRE"]
[SourceTitle "EXT 2019"]
[Source "ChessBase"]
[SourceDate "2018.10.10"]
[SourceVersion "1"]
[SourceVersionDate "2018.10.10"]
[SourceQuality "1"]

1. e4 c5 2. Nf3 e6 3. d4 cxd4 4. Nxd4 a6 5. Nb3 Qc7 6. Nc3 Nf6 7. Bd3 d6 8. 0-0 Be7 9. f4 b5 10. a3 Bb7 11. Be3 Nbd7 12. Qf3 Rc8 13. Kh1 d5 14. e5 d4 15. Qe2 dxc3 16. exf6 Bxf6 17. f5 e5 18. bxc3 Qxc3 19. Bd2 Qc6 20. Bb4 Be7 21. Bxe7 Kxe7 22. Na5 Qb6 23. Nxb7 Qxb7 24. Be4 Qc7 25. Rfe1 Rhe8 26. Rad1 Kf8 27. Qh5 Nf6 28. Qh4 Nxe4 29. Rxe4 Qxc2 30. Rde1 Rc5 31. h3 h6 32. f6 gxf6 33. Qxf6 Re6 34. Qf1 Rc4 35. Rxe5 Rxe5 36. Rxe5 Qc1 37. Re1 Qxa3 38. Qf6 Rc8 39. Qh8# 1-0

[Event "GRE-ch U14"]
[Site "Achaia"]
[Date "2017.07.02"]
[Round "9"]
[White "Skandamis, Nikolaos"]
[Black "Pelantakis, Fotios"]
[Result "1/2-1/2"]
[WhiteElo "1073"]
[BlackElo "1230"]
[PlyCount "44"]
[EventDate "2017.06.26"]
[EventType "swiss"]
[EventRounds "9"]
[EventCountry "GRE"]
[SourceTitle "EXT 2018"]
[Source "ChessBase"]
[SourceDate "2017.10.13"]
[SourceVersion "1"]
[SourceVersionDate "2017.10.13"]
[SourceQuality "1"]

1. e4 e6 2. d4 d5 3. e5 c5 4. Nf3 cxd4 5. Qxd4 Nc6 6. Bb5 Bd7 7. Bxc6 Bxc6 8. 0-0 Ne7 9. Nc3 Nf5 10. Qg4 Qc7 11. Re1 Bd7 12. Rb1 b5 13. a3 a5 14. Nd4 Nxd4 15. Qxd4 b4 16. axb4 axb4 17. Ne2 Qxc2 18. Bd2 Bb5 19. Rbc1 Qa4 20. Ra1 Qxa1 21. Rxa1 Rxa1+ 22. Nc1 Be7 1/2-1/2

[Event "GRE-ch U14"]
[Site "Achaia"]
[Date "2017.06.30"]
[Round "7"]
[White "Skandamis, Nikolaos"]
[Black "Stefanopoulos, Andreas"]
[Result "1-0"]
[WhiteElo "1073"]
[BlackElo "1140"]
[PlyCount "71"]
[EventDate "2017.06.26"]
[EventType "swiss"]
[EventRounds "9"]
[EventCountry "GRE"]
[SourceTitle "EXT 2018"]
[Source "ChessBase"]
[SourceDate "2017.10.13"]
[SourceVersion "1"]
[SourceVersionDate "2017.10.13"]
[SourceQuality "1"]

1. e4 e6 2. d4 d5 3. e5 c5 4. Nf3 Nc6 5. c3 Qb6 6. Bd3 Bd7 7. Bc2 Nge7 8. 0-0 cxd4 9. cxd4 Nf5 10. Bxf5 exf5 11. Nc3 Be6 12. a3 a5 13. Rb1 Be7 14. Re1 0-0 15. Be3 Rac8 16. Na4 Qb5 17. Nc5 Bxc5 18. dxc5 Rb8 19. Ng5 h6 20. Nh3 Rbc8 21. Nf4 Rfd8 22. Qh5 d4 23. Nxe6 fxe6 24. Bf4 Ne7 25. Rbd1 Qxc5 26. Rd3 Qc2 27. Rg3 Kf8 28. Bxh6 gxh6 29. Qxh6+ Ke8 30. Qxe6 Kf8 31. Qf6+ Ke8 32. e6 Rd6 33. Qh8+ Ng8 34. Qxg8+ Ke7 35. Qf7+ Kd8 36. Rg8# 1-0

[Event "GRE-ch U14"]
[Site "Achaia"]
[Date "2017.06.29"]
[Round "5"]
[White "Skandamis, Nikolaos"]
[Black "Blitsas, Orestis"]
[Result "0-1"]
[WhiteElo "1073"]
[BlackElo "1635"]
[PlyCount "68"]
[EventDate "2017.06.26"]
[EventType "swiss"]
[EventRounds "9"]
[EventCountry "GRE"]
[SourceTitle "EXT 2018"]
[Source "ChessBase"]
[SourceDate "2017.10.13"]
[SourceVersion "1"]
[SourceVersionDate "2017.10.13"]
[SourceQuality "1"]

1. e4 c5 2. c3 d5 3. exd5 Qxd5 4. d4 e6 5. Nf3 Nf6 6. Nbd2 Nc6 7. Bb5 cxd4 8. Bxc6+ Qxc6 9. cxd4 b6 10. Rg1 Bb4 11. Qe2 Bb7 12. a3 Bd6 13. Nc4 Rd8 14. Bg5 Be7 15. Rd1 h6 16. Bh4 g5 17. Bg3 Ne4 18. Nfe5 Qd5 19. f3 Nxg3 20. hxg3 Bf6 21. Ng4 Bg7 22. Nce3 Qa5+ 23. b4 Qxa3 24. Nf5 Qxb4+ 25. Kf1 Bxd4 26. Nxd4 Rxd4 27. Rxd4 Qxd4 28. Qb5+ Ke7 29. Qe2 Rd8 30. Nxh6 Qd1+ 31. Kf2 Qxe2+ 32. Kxe2 a5 33. Ra1 f5 34. Ra3 Kf6 0-1

[Event "GRE-ch U14"]
[Site "Achaia"]
[Date "2017.06.29"]
[Round "6"]
[White "Tzovanis, Anastasios Anagnost"]
[Black "Skandamis, Nikolaos"]
[Result "1-0"]
[WhiteElo "1375"]
[BlackElo "1073"]
[PlyCount "63"]
[EventDate "2017.06.26"]
[EventType "swiss"]
[EventRounds "9"]
[EventCountry "GRE"]
[SourceTitle "EXT 2018"]
[Source "ChessBase"]
[SourceDate "2017.10.13"]
[SourceVersion "1"]
[SourceVersionDate "2017.10.13"]
[SourceQuality "1"]

1. Nf3 d5 2. g3 Nf6 3. Bg2 Nc6 4. 0-0 e5 5. d3 h6 6. a3 Be7 7. c4 dxc4 8. dxc4 Qxd1 9. Rxd1 0-0 10. b4 Bg4 11. Nc3 Bxf3 12. Bxf3 Rab8 13. e3 a6 14. Bb2 Rfe8 15. Nd5 e4 16. Be2 Nxd5 17. cxd5 Na7 18. Be5 Bd6 19. Bxd6 cxd6 20. Bg4 Re7 21. a4 Re5 22. Rac1 f5 23. Be2 Rc8 24. Rxc8+ Nxc8 25. Rc1 Nb6 26. Rc7 Nxa4 27. Rxb7 Nc3 28. Bxa6 Nxd5 29. Bc4 Kf8 30. b5 Ne7 31. Rb8+ Nc8 32. Rxc8+ 1-0

[Event "GRE-ch U14"]
[Site "Achaia"]
[Date "2017.06.28"]
[Round "4"]
[White "Nteligiorgis, Eleftherios"]
[Black "Skandamis, Nikolaos"]
[Result "1/2-1/2"]
[WhiteElo "1391"]
[BlackElo "1073"]
[PlyCount "44"]
[EventDate "2017.06.26"]
[EventType "swiss"]
[EventRounds "9"]
[EventCountry "GRE"]
[SourceTitle "EXT 2018"]
[Source "ChessBase"]
[SourceDate "2017.10.13"]
[SourceVersion "1"]
[SourceVersionDate "2017.10.13"]
[SourceQuality "1"]

1. e4 c5 2. Nf3 e6 3. d4 cxd4 4. Nxd4 Nf6 5. Nc3 Nc6 6. Nxc6 bxc6 7. e5 Nd5 8. Ne4 Be7 9. a3 Qc7 10. f4 0-0 11. Be2 f6 12. Nd6 fxe5 13. fxe5 Bxd6 14. exd6 Qb6 15. Bf3 e5 16. Bxd5+ Kh8 17. Bf3 e4 18. Be2 Qf2+ 19. Kd2 Qd4+ 20. Ke1 Qf2+ 21. Kd2 Qd4+ 22. Ke1 Qf2+ 1/2-1/2

[Event "GRE-ch U12"]
[Site "Porto Rio"]
[Date "2016.07.01"]
[Round "5"]
[White "Papaioannou, Charalampos"]
[Black "Skandamis, Nikolaos"]
[Result "1-0"]
[WhiteElo "1103"]
[BlackElo "1142"]
[PlyCount "55"]
[EventDate "2016.06.28"]
[EventType "swiss"]
[EventRounds "9"]
[EventCountry "GRE"]
[SourceTitle "CBM 173 Extra"]
[Source "ChessBase"]
[SourceDate "2016.08.29"]
[SourceVersion "1"]
[SourceVersionDate "2016.08.29"]
[SourceQuality "1"]

1. e4 c5 2. Nf3 e6 3. d4 cxd4 4. Nxd4 Nf6 5. Nc3 Bb4 6. Qd3 Nc6 7. Nxc6 bxc6 8. Bd2 Bxc3 9. Bxc3 0-0 10. Be2 d5 11. Bf3 a5 12. Qe3 dxe4 13. Bxe4 Nd5 14. Qg3 g6 15. Bd2 Qf6 16. c3 Bd7 17. 0-0 Rab8 18. b3 Rfe8 19. c4 Ne7 20. Bxa5 Nf5 21. Qf3 Qe5 22. Bc3 Qc5 23. Rfd1 Rb7 24. Rd2 Rc8 25. Rad1 Rcc7 26. g4 Ne7 27. Qf6 Nf5 28. Qh8# 1-0

[Event "GRE-ch U12"]
[Site "Porto Rio"]
[Date "2016.06.28"]
[Round "1"]
[White "Tzagarakis, Panagiotis"]
[Black "Skandamis, Nikolaos"]
[Result "1-0"]
[WhiteElo "1473"]
[BlackElo "1142"]
[PlyCount "113"]
[EventDate "2016.06.28"]
[EventType "swiss"]
[EventRounds "9"]
[EventCountry "GRE"]
[SourceTitle "CBM 173 Extra"]
[Source "ChessBase"]
[SourceDate "2016.08.29"]
[SourceVersion "1"]
[SourceVersionDate "2016.08.29"]
[SourceQuality "1"]

1. e4 c5 2. Nf3 e6 3. d4 cxd4 4. Nxd4 Nf6 5. Nc3 Bb4 6. f3 Bxc3+ 7. bxc3 Nc6 8. Nb5 0-0 9. Ba3 Ne7 10. Qd6 Ng6 11. Qc7 Re8 12. h4 a6 13. Qxd8 Rxd8 14. Nc7 Ra7 15. Bc5 b6 16. Bxb6 Rb7 17. Rb1 d6 18. Rb3 Rd7 19. Nxa6 e5 20. a4 Re7 21. a5 Be6 22. Rb4 h5 23. Bb5 Bd7 24. g3 Bxb5 25. Rxb5 Re8 26. Nb4 Rc8 27. Kd2 Nd7 28. Nd5 Nc5 29. Rhb1 Rcb8 30. Nc7 Nf8 31. a6 Nxa6 32. Nxa6 Ra8 33. Nc7 Rc8 34. Nd5 Rcb8 35. c4 Ne6 36. Bc7 Rxb5 37. Rxb5 Ra8 38. Rb8+ Rxb8 39. Bxb8 Nd4 40. Bxd6 Nxf3+ 41. Ke3 Nd4 42. c3 Nc6 43. Ne7+ Nxe7 44. Bxe7 f6 45. c5 Kf7 46. Bd6 Ke6 47. Bf8 g5 48. c6 gxh4 49. gxh4 Kf7 50. c7 Kxf8 51. c8Q+ Ke7 52. Qf5 Kd8 53. Qh7 Kc8 54. c4 Kd8 55. c5 Kc8 56. c6 Kd8 57. Qd7# 1-0